Записки по семеноведению. Т.7, Вып.1 (Запись № 2122276)

Подробности
000 -МАРКЕР
контрольное поле 01281nam2a22002531 4500
001 - ИДЕНТИФИКАТОР ЗАПИСИ
контрольное поле RU\NLR\INFOCOMM16\1000038867
005 - ИДЕНТИФИКАТОР ВЕРСИИ
контрольное поле 20250617042606.0
035 ## - ДРУГИЕ СИСТЕМНЫЕ НОМЕРА
Идентификатор записи (NLR Aleph) 002446353
100 ## - ДАННЫЕ ОБЩЕЙ ОБРАБОТКИ
Данные общей обработки 20040303d1929 |||y0rusy50 ca
101 0# - ЯЗЫК РЕСУРСА
Язык текста, звукозаписи и т.д. русский
102 ## - СТРАНА ПУБЛИКАЦИИ ИЛИ ПРОИЗВОДСТВА
Страна публикации российская федерация
105 ## - ПОЛЕ КОДИРОВАННЫХ ДАННЫХ: ТЕКСТОВЫЕ МАТЕРИАЛЫ, МОНОГРАФИЧЕСКИЕ
Кодированные данные о монографическом текстовом документе y |||||||||
200 0# - ЗАГЛАВИЕ И СВЕДЕНИЯ ОБ ОТВЕТСТВЕННОСТИ
Основное заглавие Т.7, Вып.1
210 ## - ПУБЛИКАЦИЯ, РАСПРОСТРАНЕНИЕ И ДР.
Дата издания, распространения и т.д. 1929
Место издания, распространения и т.д. Б. м.
421 #0 - ПРИЛОЖЕНИЕ
Встроенное поле 2001#$aСборник правил и методы испытания качества семян заграницей$fИсаченко Б.Л.
-- 700#1$aИсаченко$bБ.Л.
-- 210##$aЛ.$d1929
Заглавие Сборник правил и методы испытания качества семян заграницей
Автор Исаченко, Б.Л.
461 #0 - УРОВЕНЬ НАБОРА
Встроенное поле 001RU\NLR\INFOCOMM16\1000038789
-- 2001#$aЗаписки по семеноведению$eИзд. Отделом семеноведения Ботан. сада. Акад. наук$vТ.7, Вып.1
Системный номер (АБИС) связанной записи 2121990
Место публикации Л.
Дата публикации 1912-1931
Сведения, относящиеся к заглавию Изд. Отделом семеноведения Ботан. сада. Акад. наук
Заглавие Записки по семеноведению
Номер тома Т.7, Вып.1
801 #1 - ИСТОЧНИК ЗАПИСИ
Страна российская федерация
Организация InfoComm
Дата составления 20040303
801 #0 - ИСТОЧНИК ЗАПИСИ
Страна российская федерация
Организация NLR
Правила каталогизации PSBO
852 ## - МЕСТОНАХОЖДЕНИЕ И ШИФР ХРАНЕНИЯ
Идентификатор организации NLR
Шифр хранения (Call Number) П13/515
942 ## - ДОПОЛНИТЕЛЬНЫЕ ЭЛЕМЕНТЫ ЗАПИСИ (АБИС)
Тип экземпляра АБИС Выпуск
980 ## - КОЛЛЕКЦИЯ
Название коллекции Национальная библиография
980 ## - КОЛЛЕКЦИЯ
Название коллекции Русская периодика

Нет доступных экземпляров.